Countries Missy Elliott has Visited - Statistics

General Stats
  • This quiz has been taken 29 times
    8 since last reset
  • The average score is 13 of 18
Answer Stats
Continent Country % Correct
Oceania Australia
100%
South America Brazil
100%
North America Canada
100%
Asia Japan
100%
North America United States of America
100%
Europe Germany
86%
Asia Israel
86%
Asia Malaysia
86%
Europe Poland
86%
Asia United Arab Emirates
86%
Europe France
71%
Europe Ireland
71%
Europe Norway
71%
Europe United Kingdom
71%
Europe Switzerland
57%
Asia Singapore
43%
Europe Serbia
29%
Asia Saudi Arabia
0%
No matching quizzes found
Score Distribution
Percent of People with Each Score
Percentile by Number Answered
Your Score History
You have not taken this quiz since the last reset